Direito penal e aȯ̂ significativa

Bibliographic Details
Main Author: Fonseca, Pedro H. C.
Format: eBook
Language:Portuguese
Published: Indaiatuba: Editora Foco, 2021
Subjects:
Online Access:Acceso restringido

MARC

LEADER 00000nam a22000007a 4500
005 20211214001013.0
007 cr|||| ||||
008 211214s2021 br |||||s|||| 00||0 por d
020 |a 978-65-5515-160-2 
035 |a 35466 
040 |a vLex 
090 |c 12708  |d 12708 
100 1 |a Fonseca, Pedro H. C. 
245 1 0 |a Direito penal e aȯ̂ significativa  |h [Recurso electrn̤ico] /  |c Pedro H. C. Fonseca 
256 |a Servicio en ln̕ea 
260 |a Indaiatuba:  |b Editora Foco,  |c 2021 
300 |a 1 recurso electrn̤ico 
500 |a O objeto da presente investigaȯ̂ ̌a aȯ̂ significativa e sua crt̕ica. A teoria da aȯ̂ ̌o recurso usado por alguns sistemas de investigaȯ̂ da teoria do delito com a funȯ̂ de chave interpretativa que inter-relaciona o injusto e a culpabilidade. Esses sistemas que conferem essa funȯ̂ ao referido conceito de aȯ̂, como ̌o caso do finalista, preocupam- -se em limitar o poder de punir e dar um fundamento ťico ao Direito Penal. Com efeito, a aȯ̂ ̌definida muitas vezes como pedra angular da teoria do delito por este motivo. Um livro que tem por objeto a aȯ̂ pode ter, nesse panorama, uma funȯ̂ metodolg̤ica: apresentar o Direito Penal como um sistema, por harmonizar atravš de um arcabouȯ conceitual diversos institutos, propondo cńones para a sua interpretaȯ̂, isto ,̌ propondo um mťodo. Pois bem, dar essa visô sistemt̀ica do Direito Penal ̌o objetivo da presente obra, de autoria de Pedro Henrique Carneiro da Fonseca. Embora tenha como foco investigar a teoria significativa da aȯ̂ sob uma perspectiva crt̕ica, o autor nô se furtou a realizar uma investigaȯ̂ dos aspectos centrais da epistemologia penal e da sua fundamentaȯ̂ constitucional, que s ̤encontra legitimidade se vinculada aos valores constitucionais do Estado Democrt̀ico de Direito, que converge para o fundamento ťico da Dignidade da Pessoa Humana todo o seu plexo axiolg̤ico. Ressalte-se, um dos mřitos do presente livro ̌fornecer uma visô de conjunto sobre a trajetr̤ia da epistemologia penal que ̌colocada em refern̊cia com uma das suas instituiė̳s essenciais, nomeadamente a tipicidade, a ̕inserido o seu conted︢o material e axiolg̤ico: o bem jurd̕ico. 
506 1 |a Disponible solo en los productos indicados  |d vLex Global  |d vLex Global (Academic Edition, excluding Law Schools)  |d vLex Global (U.S. Academic Edition, Law Schools)  |d vLex Global (U.S. Academic Edition, excluding Law Schools)  |d vLex Global (Academic Edition, Law Schools) 
650 0 4 |a Derecho Penal  |z Brasil 
740 0 |a vLex Libros (Servicio en ln̕ea) 
856 4 0 |u https://app.vlex.com/#/sources/35466  |z Acceso restringido 
942 |c BOOK 
999 0 |a Criminal law